Wszystkie miasta w Polsce na literę A - Statystyki

Ogólne statystyki
  • Ten quiz został rozwiązany 84 razy
  • Średni wynik to 4 z 6
Statystyki odpowiedzi
Miasta % Poprawnych
Aleksandrów Łódzki
83%
Andrychów
82%
Aleksandrów Kujawski
80%
Augustów
75%
Annopol
62%
Alwernia
52%
Nie znaleziono quizów pasujących do podanych kryteriów
Rozkład punktacji
Procent ludzi z każdym wynikiem
Percentyl według liczby udzielonych odpowiedzi
Twoja historia wyników
Nie rozwiązałeś tego quizu